00497nam a2200181 a 4500001001300000003000900013005001700022008004100039020001000080082001600090100002700106245004400133260004100177300000900218500003500227505003200262650002100294nice12345678IN_TiNIC20260116013527.0050524s1988 dela grp 000 0 eng  ac25000a181.4bCOO2 aCoomaraswamy, Ananda K aSelected Letters of Ananda Coomaraswamy aDelhibOxford University Pressc1988 a479p aincludes index and biblioraphy2 aBibliography, General Index aPhilosophy-India